[Event "Bamberg op 6th"]
[Site "Bamberg"]
[Date "2024.09.05"]
[Round "3"]
[White "Mock, Markus"]
[Black "Simon, Jonathan"]
[Result "1-0"]
[WhiteElo "1947"]
[BlackElo "1881"]
[PlyCount "71"]
[EventDate "2024.09.04"]
[EventType "swiss"]
[EventRounds "7"]
[EventCountry "GER"]
[SourceTitle "EXT 2025"]
[Source "ChessBase"]
[SourceDate "2024.10.14"]
[SourceVersion "1"]
[SourceVersionDate "2024.10.14"]
[SourceQuality "1"]

1. e4 e6 2. d4 d5 3. Nd2 a6 4. Ngf3 Nf6 5. Bd3 c5 6. c3 Nc6 7. 0-0 cxd4 8. cxd4 Qb6 9. e5 Nd7 10. Nb3 a5 11. a4 Bb4 12. Be3 h6 13. Rc1 Be7 14. Bb5 Na7 15. Be2 Nc6 16. Nfd2 0-0 17. Bd3 f6 18. Qh5 fxe5 19. dxe5 Qd8 20. f4 d4 21. Qg6 Rf5 22. Bxf5 Nf8 23. Bxe6+ Bxe6 24. Qd3 dxe3 25. Qxe3 Nb4 26. Nc4 Qd3 27. Rc3 Qxe3+ 28. Nxe3 Na2 29. Rc7 Bxb3 30. Rxe7 Rb8 31. f5 Bxa4 32. f6 gxf6 33. exf6 Nb4 34. Rf4 Rd8 35. Rg7+ Kh8 36. Rh4 1-0

[Event "Rheinland Pfalz op 14th"]
[Site "Neuwied"]
[Date "2024.05.31"]
[Round "3"]
[White "Simon, Jonathan"]
[Black "Rishiadithya, Murali"]
[Result "0-1"]
[WhiteElo "1887"]
[BlackElo "1662"]
[PlyCount "102"]
[EventDate "2024.05.30"]
[EventType "swiss"]
[EventRounds "7"]
[EventCountry "GER"]
[SourceTitle "EXT 2025"]
[Source "ChessBase"]
[SourceDate "2024.10.14"]
[SourceVersion "1"]
[SourceVersionDate "2024.10.14"]
[SourceQuality "1"]

1. d4 Nf6 2. Nf3 e6 3. e3 d5 4. Bd3 c5 5. b3 cxd4 6. exd4 Bd6 7. 0-0 Nc6 8. Bb2 0-0 9. a3 Re8 10. Ne5 Qc7 11. f4 b6 12. Qf3 Bb7 13. Nd2 Rac8 14. Qh3 a6 15. Kh1 b5 16. Rac1 b4 17. a4 Nb8 18. c4 bxc3 19. Bxc3 a5 20. f5 Ba6 21. fxe6 Rxe6 22. Bf5 Ree8 23. Rfe1 Rcd8 24. Ndf3 g6 25. Bd2 Qb6 26. Bg5 Bf8 27. Bc2 Rc8 28. Bh6 Rc7 29. Bxf8 Kxf8 30. Qh6+ Kg8 31. Ng5 Qxd4 32. Nexf7 Rxe1+ 33. Rxe1 Rxf7 34. Nxf7 Kxf7 35. Qh3 Qb6 36. Qg3 Nbd7 37. h3 Qc5 38. Rc1 Qd4 39. Rd1 Qe5 40. Qf2 Qe2 41. Qxe2 Bxe2 42. Rd2 Ba6 43. Kg1 Ke6 44. Kf2 Ke5 45. Ke3 Nc5 46. Bd1 d4+ 47. Kf3 Bb7+ 48. Ke2 Bxg2 49. h4 Nd5 50. Bc2 d3+ 51. Bxd3 Nf4+ 0-1

[Event "Rheinland Pfalz op 14th"]
[Site "Neuwied"]
[Date "2024.05.30"]
[Round "1"]
[White "Simon, Jonathan"]
[Black "Dehren, Ben"]
[Result "1-0"]
[WhiteElo "1887"]
[BlackElo "1428"]
[PlyCount "33"]
[EventDate "2024.05.30"]
[EventType "swiss"]
[EventRounds "7"]
[EventCountry "GER"]
[SourceTitle "CBM 220 Extra"]
[Source "ChessBase"]
[SourceDate "2024.07.31"]
[SourceVersion "1"]
[SourceVersionDate "2024.07.31"]
[SourceQuality "1"]

1. d4 d5 2. c4 Nf6 3. cxd5 Qxd5 4. Nc3 Qd8 5. Nf3 e6 6. Bg5 Be7 7. e3 0-0 8. Bd3 g6 9. Bh6 Re8 10. Ne5 Nc6 11. f4 Nxe5 12. fxe5 Nd5 13. Qf3 Nxc3 14. 0-0 f6 15. exf6 Bxf6 16. bxc3 Bg5 17. Qf7+ 1-0

[Event "DSOL 03 Liga Gr-A 1st"]
[Site "Playchess.com INT"]
[Date "2020.08.13"]
[Round "2.2"]
[White "Roeder, Phillip"]
[Black "Simon, Jonathan"]
[Result "1-0"]
[WhiteElo "1991"]
[BlackElo "1901"]
[PlyCount "163"]
[EventDate "2020.06.22"]
[EventType "team-tourn (rapid)"]
[EventCountry "GER"]
[SourceTitle "EXT 2021"]
[Source "ChessBase"]
[SourceDate "2020.10.23"]
[SourceVersion "1"]
[SourceVersionDate "2020.10.23"]
[SourceQuality "1"]
[WhiteTeam "Wismar ASV Gruen-Weiss"]
[BlackTeam "Moembris"]
[WhiteTeamCountry "GER"]
[BlackTeamCountry "GER"]

1. Nc3 c5 2. Nf3 Nc6 3. d4 cxd4 4. Nxd4 e6 5. Ndb5 d5 6. Bf4 e5 7. Nxd5 Bd6 8. Nxd6+ Qxd6 9. Bg5 Nd4 10. e4 Nf6 11. Bxf6 gxf6 12. c3 Nc6 13. Qf3 f5 14. 0-0-0 Qh6+ 15. Kb1 fxe4 16. Nf6+ Ke7 17. Nd5+ Kf8 18. Qxe4 Rg8 19. Nc7 Rb8 20. Qd5 Bf5+ 21. Bd3 Qf4 22. g3 Bxd3+ 23. Qxd3 Qxf2 24. Qxh7 Qf6 25. Qh3 b5 26. a3 a5 27. Qf1 Qg6+ 28. Qd3 b4 29. Qxg6 Rxg6 30. axb4 axb4 31. Kc2 b3+ 32. Kd2 Rd8+ 33. Ke2 Rxd1 34. Rxd1 f5 35. Na6 f4 36. Rg1 Rh6 37. Rg2 Na5 38. Nc5 Ke7 39. gxf4 exf4 40. Kf3 Kd6 41. Nd3 Rh3+ 42. Ke4 f3 43. Rf2 Nc4 44. Nf4 Rh4 45. Kxf3 Ne5+ 46. Ke4 Ng4 47. Rd2+ Kc5 48. Nd3+ Kb5 49. Kf3 Nxh2+ 50. Kg2 Rh8 51. Nc1 Ng4 52. Nxb3 Kc4 53. Na5+ Kb5 54. Rd5+ Kb6 55. Kf3 Nf6 56. Rd6+ Kxa5 57. Rxf6 Rh2 58. b4+ Kb5 59. Rf5+ Kb6 60. Rc5 Rh3+ 61. Ke4 Rh4+ 62. Kd5 Rh5+ 63. Kc4 Rh4+ 64. Kb3 Rh3 65. Rd5 Kc6 66. Rd8 Kb5 67. Rb8+ Kc6 68. b5+ Kc7 69. Rg8 Rh5 70. c4 Kb7 71. Kb4 Kc7 72. Rg6 Kb7 73. b6 Rf5 74. c5 Rf4+ 75. Kb5 Rf5 76. Rg7+ Kb8 77. Rd7 Rh5 78. Kc6 Kc8 79. Rd6 Rh7 80. Rg6 Rc7+ 81. Kb5 Rh7 82. c6 1-0

[Event "DSOL 03 Liga Gr-A 1st"]
[Site "Playchess.com INT"]
[Date "2020.07.22"]
[Round "5.3"]
[White "Simon, Jonathan"]
[Black "Sander, Jean Louis"]
[Result "0-1"]
[WhiteElo "1901"]
[BlackElo "1872"]
[PlyCount "70"]
[EventDate "2020.06.22"]
[EventType "team-tourn (rapid)"]
[EventCountry "GER"]
[SourceTitle "EXT 2021"]
[Source "ChessBase"]
[SourceDate "2020.10.23"]
[SourceVersion "1"]
[SourceVersionDate "2020.10.23"]
[SourceQuality "1"]
[WhiteTeam "Moembris"]
[BlackTeam "Hamburger SK III"]
[WhiteTeamCountry "GER"]
[BlackTeamCountry "GER"]

1. Nf3 d6 2. d4 Nf6 3. c4 g6 4. Nc3 Bg7 5. Bg5 0-0 6. e3 Nbd7 7. Be2 c6 8. Qc2 Qc7 9. 0-0 e5 10. dxe5 dxe5 11. Rfd1 a5 12. Nd2 Nc5 13. Bxf6 Bxf6 14. Nde4 Nxe4 15. Nxe4 Be7 16. c5 Bf5 17. Bd3 Bxe4 18. Bxe4 Rfd8 19. g3 a4 20. h4 Ra5 21. h5 Kg7 22. Kg2 Rxd1 23. Rxd1 Bxc5 24. hxg6 hxg6 25. Qc3 Be7 26. f4 Rc5 27. Qd2 exf4 28. gxf4 Bf6 29. Qb4 Rb5 30. Qxa4 Rxb2+ 31. Kf3 Qc8 32. f5 Qh8 33. Rg1 Qh5+ 34. Rg4 Qh1+ 35. Kg3 Qh2+ 0-1

[Event "DSOL 03 Liga Gr-A 1st"]
[Site "Playchess.com INT"]
[Date "2020.06.24"]
[Round "1.3"]
[White "Simon, Jonathan"]
[Black "Sehmsdorf, Johann"]
[Result "1-0"]
[WhiteElo "1901"]
[BlackElo "1989"]
[PlyCount "50"]
[EventDate "2020.06.22"]
[EventType "team-tourn (rapid)"]
[EventCountry "GER"]
[SourceTitle "EXT 2021"]
[Source "ChessBase"]
[SourceDate "2020.10.23"]
[SourceVersion "1"]
[SourceVersionDate "2020.10.23"]
[SourceQuality "1"]
[WhiteTeam "Moembris"]
[BlackTeam "Dresden Striesen"]
[WhiteTeamCountry "GER"]
[BlackTeamCountry "GER"]

1. d4 d5 2. c4 e6 3. Nc3 Nf6 4. cxd5 exd5 5. Bg5 c6 6. e3 Be7 7. Qc2 Na6 8. Bxa6 bxa6 9. Nf3 0-0 10. 0-0 h6 11. Bh4 Rb8 12. Ne5 Qc7 13. Bxf6 Bxf6 14. Nxd5 Qd8 15. Nxf6+ Qxf6 16. Nxc6 Rb6 17. Rac1 Bb7 18. Ne5 Qg5 19. f4 Qe7 20. b3 a5 21. Qc7 Qe6 22. Qd7 Qf6 23. Rc7 Ba6 24. Rfc1 Re6 25. R1c6 Qh4 1-0

[Event "Erfurt op-B 28th"]
[Site "Erfurt"]
[Date "2018.12.27"]
[Round "2"]
[White "Simon, Jonathan"]
[Black "Weiland, Thomas"]
[Result "0-1"]
[WhiteElo "1987"]
[BlackElo "1795"]
[PlyCount "74"]
[EventDate "2018.12.26"]
[EventType "swiss"]
[EventRounds "8"]
[EventCountry "GER"]
[SourceTitle "EXT 2021"]
[Source "ChessBase"]
[SourceDate "2020.10.23"]
[SourceVersion "1"]
[SourceVersionDate "2020.10.23"]
[SourceQuality "1"]

1. c4 f5 2. d4 d6 3. Nf3 Nf6 4. Nc3 g6 5. Bf4 Bg7 6. Qd2 c6 7. h4 h6 8. g3 Bd7 9. Bg2 Na6 10. 0-0 Nc7 11. Qe3 Ng4 12. Qd2 e5 13. dxe5 dxe5 14. Qd6 Be6 15. Qb4 exf4 16. Qxb7 0-0 17. Qxc6 fxg3 18. fxg3 Qe7 19. Nd5 Nxd5 20. cxd5 Bf7 21. d6 Qd8 22. d7 Rb8 23. Rac1 Qb6+ 24. Qxb6 axb6 25. b3 Ne3 26. Rfe1 Rfd8 27. Rc7 Be6 28. Kf2 Nxg2 29. Rd1 Nxh4 30. Nxh4 Kf7 31. Rc6 g5 32. Ng6 Rxd7 33. Rxd7+ Bxd7 34. Rc7 Ke6 35. Kf3 Kd6 36. Rc1 Be8 37. Rd1+ Ke6 0-1

[Event "Eschborn op"]
[Site "Eschborn"]
[Date "2017.10.15"]
[Round "4"]
[White "Nickel, Ruediger"]
[Black "Simon, Jonathan"]
[Result "0-1"]
[WhiteElo "2065"]
[BlackElo "1921"]
[PlyCount "88"]
[EventDate "2017.10.13"]
[EventType "swiss"]
[EventRounds "5"]
[EventCountry "GER"]
[SourceTitle "EXT 2019"]
[Source "ChessBase"]
[SourceDate "2018.10.10"]
[SourceVersion "1"]
[SourceVersionDate "2018.10.10"]
[SourceQuality "1"]

1. e4 e6 2. d4 d5 3. e5 c5 4. c3 Nc6 5. Nf3 Bd7 6. Be2 Rc8 7. Be3 cxd4 8. Bxd4 Nxd4 9. Nxd4 Qg5 10. Nf3 Qxg2 11. Rg1 Qh3 12. Qb3 Bc6 13. Na3 a6 14. Nc2 f6 15. Ncd4 fxe5 16. Nxc6 bxc6 17. Qb7 Ne7 18. Nxe5 Rd8 19. Rg5 Qxh2 20. Bg4 Qh6 21. Rg6 Qxg6 22. Nxg6 hxg6 23. 0-0-0 Rh4 24. f3 e5 25. Qc7 e4 26. Be6 exf3 27. Rf1 Re4 28. Bh3 Re3 29. Qf4 d4 30. cxd4 Rd3 31. Be6 Nf5 32. Qg5 Nxd4 33. Qxg6+ Ke7 34. Bc4 Ne2+ 35. Kc2 Rd2+ 36. Kb3 Nd4+ 37. Ka4 Rxb2 38. Qg5+ Kd7 39. Qg4+ Kc7 40. Qf4+ Kb6 41. a3 Nb5 42. Rxf3 Bxa3 43. Rxa3 c5 44. Rd3 Rb4# 0-1

[Event "Eschborn op"]
[Site "Eschborn"]
[Date "2017.10.15"]
[Round "5"]
[White "Simon, Jonathan"]
[Black "Villwock, Martin"]
[Result "1/2-1/2"]
[WhiteElo "1921"]
[BlackElo "2075"]
[PlyCount "37"]
[EventDate "2017.10.13"]
[EventType "swiss"]
[EventRounds "5"]
[EventCountry "GER"]
[SourceTitle "EXT 2019"]
[Source "ChessBase"]
[SourceDate "2018.10.10"]
[SourceVersion "1"]
[SourceVersionDate "2018.10.10"]
[SourceQuality "1"]

1. d4 Nf6 2. Nf3 c5 3. e3 g6 4. Bd3 Bg7 5. 0-0 0-0 6. b3 cxd4 7. exd4 d5 8. Re1 Nc6 9. a3 Bg4 10. Bb2 Nd7 11. c3 e5 12. dxe5 Ndxe5 13. Be2 Bxf3 14. Bxf3 Nxf3+ 15. Qxf3 d4 16. cxd4 Nxd4 17. Qd3 Qb6 18. Bxd4 Bxd4 19. Ra2 1/2-1/2

[Event "Regionalliga NW 1617"]
[Site "Bayern"]
[Date "2016.11.20"]
[Round "2.4"]
[White "Feldheim, Jonas"]
[Black "Simon, Jonathan"]
[Result "1-0"]
[WhiteElo "2065"]
[BlackElo "1957"]
[PlyCount "115"]
[EventDate "2016.10.16"]
[EventType "team-tourn"]
[EventRounds "9"]
[EventCountry "GER"]
[SourceTitle "EXT 2019"]
[Source "ChessBase"]
[SourceDate "2018.10.10"]
[SourceVersion "1"]
[SourceVersionDate "2018.10.10"]
[SourceQuality "1"]
[WhiteTeam "Stetten"]
[BlackTeam "Moembris"]
[WhiteTeamCountry "GER"]
[BlackTeamCountry "GER"]

1. e4 c5 2. Nf3 Nc6 3. d4 cxd4 4. Nxd4 g6 5. Nc3 Bg7 6. Be3 Nf6 7. Bc4 0-0 8. Bb3 d6 9. f3 Bd7 10. Qd2 Rc8 11. 0-0-0 Nxd4 12. Bxd4 b5 13. Nd5 Nxd5 14. Bxg7 Kxg7 15. exd5 a5 16. a3 Qc7 17. Rhe1 Rfe8 18. g4 Rb8 19. Re4 Bc8 20. Qd4+ Kg8 21. Rde1 Ba6 22. Qe3 Rb7 23. Qh6 a4 24. Ba2 b4 25. Rxb4 Rxb4 26. axb4 a3 27. bxa3 Qc3 28. Qe3 Qa1+ 29. Bb1 Bc4 30. Kd2 Bxd5 31. c4 Qb2+ 32. Bc2 Bxc4 33. Qc3 Qxc3+ 34. Kxc3 Be6 35. Bb3 Bd7 36. Re4 Bc6 37. Rf4 e6 38. g5 Rc8 39. Rc4 Kf8 40. b5 Bd7 41. Rxc8+ Bxc8 42. Kb4 Ke7 43. Ka5 Bb7 44. Kb6 Bxf3 45. Kc7 d5 46. b6 d4 47. b7 Bxb7 48. Kxb7 e5 49. a4 e4 50. Bd5 e3 51. Bc4 Kd6 52. Kb6 Ke5 53. Bd3 Kf4 54. a5 Kxg5 55. a6 f5 56. a7 f4 57. a8Q Kh4 58. Qf3 1-0

[Event "Regionalliga NW 1516"]
[Site "Bayern"]
[Date "2015.11.15"]
[Round "3.3"]
[White "Herbst, Christoph"]
[Black "Simon, Jonathan"]
[Result "1/2-1/2"]
[WhiteElo "2025"]
[BlackElo "1976"]
[PlyCount "29"]
[EventDate "2015.10.11"]
[EventType "team-tourn"]
[EventRounds "9"]
[EventCountry "GER"]
[SourceTitle "EXT 2018"]
[Source "ChessBase"]
[SourceDate "2017.10.13"]
[SourceVersion "1"]
[SourceVersionDate "2017.10.13"]
[SourceQuality "1"]
[WhiteTeam "Bad Neustadt"]
[BlackTeam "Moembris"]
[WhiteTeamCountry "GER"]
[BlackTeamCountry "GER"]

1. e4 c5 2. c3 d5 3. exd5 Nf6 4. d4 Nxd5 5. Nf3 e6 6. Bd3 cxd4 7. cxd4 Bb4+ 8. Bd2 Bxd2+ 9. Qxd2 0-0 10. 0-0 Nc6 11. Nc3 Nce7 12. Rfe1 b6 13. Rad1 Bb7 14. Bb1 Ng6 15. Ne5 1/2-1/2

[Event "Eschborn op 10th"]
[Site "Eschborn"]
[Date "2013.09.01"]
[Round "5"]
[White "Simon, Jonathan"]
[Black "Glinzer, Christoph"]
[Result "1-0"]
[WhiteElo "1741"]
[BlackElo "1993"]
[PlyCount "39"]
[EventDate "2013.08.30"]
[EventType "swiss"]
[EventRounds "5"]
[EventCountry "GER"]
[SourceTitle "EXT 2014"]
[Source "ChessBase"]
[SourceDate "2013.11.20"]
[SourceVersion "1"]
[SourceVersionDate "2013.11.20"]
[SourceQuality "1"]

1. d4 d5 2. c4 Nc6 3. cxd5 Qxd5 4. e3 e5 5. Nc3 Bb4 6. Bd2 Bxc3 7. Bxc3 exd4 8. Ne2 Nf6 9. Nxd4 0-0 10. Nxc6 Qxc6 11. Rc1 Bg4 12. f3 Rad8 13. Bd4 Qe6 14. Bc4 Nd5 15. fxg4 b6 16. Qf3 c5 17. Bxd5 Rxd5 18. Bc3 Rd3 19. 0-0 Rxe3 20. Qf5 1-0

[Event "Eschborn op 10th"]
[Site "Eschborn"]
[Date "2013.08.30"]
[Round "1"]
[White "Simon, Jonathan"]
[Black "Papadopoulos, Ioannis1"]
[Result "1-0"]
[WhiteElo "1741"]
[BlackElo "1206"]
[PlyCount "55"]
[EventDate "2013.08.30"]
[EventType "swiss"]
[EventRounds "5"]
[EventCountry "GER"]
[SourceTitle "EXT 2014"]
[Source "ChessBase"]
[SourceDate "2013.11.20"]
[SourceVersion "1"]
[SourceVersionDate "2013.11.20"]
[SourceQuality "1"]

1. d4 d5 2. c4 e6 3. Nc3 Nf6 4. Bg5 Nbd7 5. e3 c6 6. Nf3 Qa5 7. Nd2 Bb4 8. Qc2 h6 9. Bh4 b6 10. Be2 Bxc3 11. bxc3 dxc4 12. Nxc4 Qd5 13. e4 Nxe4 14. Qxe4 Qxe4 15. Nd6+ Kf8 16. Nxe4 f5 17. Nd6 g5 18. Bg3 f4 19. Bf3 fxg3 20. Bxc6 gxf2+ 21. Kxf2 Rb8 22. Nxc8 Rxc8 23. Bxd7 Rxc3 24. Bxe6 Ke7 25. Rhe1 Rf8+ 26. Kg1 Kd6 27. Bb3 Rd3 28. Rad1 1-0

[Event "Karl Mala Memorial op-A 16th"]
[Site "Frankfurt"]
[Date "2013.07.14"]
[Round "6"]
[White "Rosenberger, Frank"]
[Black "Simon, Jonathan"]
[Result "1-0"]
[WhiteElo "2137"]
[BlackElo "1954"]
[PlyCount "27"]
[EventDate "2013.07.11"]
[EventType "swiss"]
[EventRounds "7"]
[EventCountry "GER"]
[SourceTitle "EXT 2014"]
[Source "ChessBase"]
[SourceDate "2013.11.20"]
[SourceVersion "1"]
[SourceVersionDate "2013.11.20"]
[SourceQuality "1"]

1. e4 d6 2. d4 Nf6 3. Nc3 g6 4. f3 c6 5. Be3 Qb6 6. Rb1 Bg7 7. Qd2 Qc7 8. Nge2 Nbd7 9. Bh6 Bxh6 10. Qxh6 c5 11. d5 a6 12. a4 Qa5 13. Nc1 Nb6 14. b4 1-0

[Event "Schweinfurt op 23rd"]
[Site "Schweinfurt"]
[Date "2013.05.30"]
[Round "2"]
[White "Grasmik, Waldemar"]
[Black "Simon, Jonathan"]
[Result "0-1"]
[WhiteElo "1375"]
[BlackElo "1954"]
[PlyCount "71"]
[EventDate "2013.05.30"]
[EventType "swiss"]
[EventRounds "7"]
[EventCountry "GER"]
[SourceTitle "CBM 154 Extra"]
[Source "ChessBase"]
[SourceDate "2013.06.25"]
[SourceVersion "2"]
[SourceVersionDate "2013.06.25"]
[SourceQuality "1"]

1. d4 Nf6 2. Nc3 g6 3. g3 Bg7 4. h4 d6 5. Bh3 Nc6 6. Bg5 h6 7. Bxf6 Bxf6 8. e3 e5 9. Bxc8 Qxc8 10. Qe2 0-0 11. 0-0-0 exd4 12. Ne4 Bg7 13. g4 Qe6 14. Qf3 Rae8 15. Ng3 dxe3 16. Kb1 exf2 17. N1e2 Qf6 18. Qxf6 Bxf6 19. g5 hxg5 20. hxg5 Bxg5 21. Rh2 Kg7 22. Rxf2 Re3 23. c3 Bh4 24. Rg2 Bxg3 25. Nxg3 Re5 26. Rh1 Rh8 27. Rf1 Ne7 28. Rgf2 f5 29. a3 Rh3 30. Ne2 Rhe3 31. Re1 f4 32. Kc1 f3 33. Kd2 Rxe2+ 34. Rfxe2 Rxe2+ 35. Rxe2 fxe2 36. Kxe2 0-1

[Event "Schweinfurt op 23rd"]
[Site "Schweinfurt"]
[Date "2013.05.30"]
[Round "1"]
[White "Simon, Jonathan"]
[Black "Bebersdorf, Claus"]
[Result "1-0"]
[WhiteElo "1954"]
[BlackElo "1991"]
[PlyCount "53"]
[EventDate "2013.05.30"]
[EventType "swiss"]
[EventRounds "7"]
[EventCountry "GER"]
[SourceTitle "CBM 154 Extra"]
[Source "ChessBase"]
[SourceDate "2013.06.25"]
[SourceVersion "2"]
[SourceVersionDate "2013.06.25"]
[SourceQuality "1"]

1. d4 d5 2. c4 c6 3. Nf3 Bf5 4. Nc3 Nf6 5. cxd5 Nxd5 6. Qb3 Qb6 7. Qxb6 Nxb6 8. e4 Bd7 9. Be2 e6 10. 0-0 Be7 11. a4 0-0 12. a5 Nc8 13. Be3 Nd6 14. Ne5 Rd8 15. f3 Be8 16. Kh1 Nd7 17. a6 Nb8 18. axb7 Nxb7 19. Na4 f6 20. Nd3 Nd7 21. Rfc1 Nb6 22. Nac5 Nxc5 23. Nxc5 Kf7 24. Ba6 Rab8 25. Nb7 Rd7 26. Na5 Rc7 27. Bf4 1-0

[Event "Unterfranken-ch HB 63th"]
[Site "Schweinfurt"]
[Date "2012.04.12"]
[Round "6"]
[White "Simon, Jonathan"]
[Black "Memmel, Guenther"]
[Result "1/2-1/2"]
[WhiteElo "1701"]
[BlackElo "1811"]
[PlyCount "29"]
[EventDate "2012.04.09"]
[EventType "swiss"]
[EventRounds "9"]
[EventCountry "GER"]
[SourceTitle "EXT 2015"]
[Source "ChessBase"]
[SourceDate "2014.11.20"]
[SourceVersion "1"]
[SourceVersionDate "2014.11.20"]
[SourceQuality "1"]

1. Nf3 d5 2. c4 e6 3. d4 Nf6 4. Nc3 Be7 5. Bg5 Nbd7 6. e3 b6 7. Rc1 Bb7 8. Bd3 h6 9. Bh4 0-0 10. 0-0 c5 11. b3 Ne4 12. Bxe7 Qxe7 13. Qe2 f5 14. h3 Rac8 15. Rc2 1/2-1/2

[Event "Unterfranken-ch HB 63th"]
[Site "Schweinfurt"]
[Date "2012.04.10"]
[Round "2"]
[White "Simon, Jonathan"]
[Black "Falkenstein, Johannes"]
[Result "1/2-1/2"]
[WhiteElo "1701"]
[BlackElo "1523"]
[PlyCount "54"]
[EventDate "2012.04.09"]
[EventType "swiss"]
[EventRounds "9"]
[EventCountry "GER"]
[SourceTitle "EXT 2015"]
[Source "ChessBase"]
[SourceDate "2014.11.20"]
[SourceVersion "1"]
[SourceVersionDate "2014.11.20"]
[SourceQuality "1"]

1. Nf3 Nf6 2. d4 e6 3. Bg5 b6 4. e3 Bb7 5. Bd3 h6 6. Bxf6 Qxf6 7. Nbd2 d5 8. Ne5 Bd6 9. f4 Nd7 10. Qg4 g5 11. Qh5 gxf4 12. Nxf7 Ke7 13. Nxh8 Rxh8 14. Rf1 Qg5 15. Qxg5+ hxg5 16. h3 fxe3 17. Nf3 Bf4 18. Ke2 Rg8 19. Ne1 c5 20. c3 e5 21. dxe5 Nxe5 22. Nf3 Nxd3 23. Kxd3 Ba6+ 24. Kc2 Bxf1 25. Rxf1 g4 26. Nh4 gxh3 27. gxh3 Be5 1/2-1/2